Statystyki dla Najwięksi Youtuberzy Świata

Kliknij tutaj aby rozwiązać quiz!

Ogólne statystyki

  • Ten quiz został rozwiązany 151 razy
  • Średni wynik to 3 z 20

Statystyki odpowiedzi

HintOdpowiedź% Poprawnych
103M. SubówPewdiepie
90%
129M. SubówT-Series
82%
49,2M. SubówDude Perfect
18%
51,3M. SubówJustin Bieber
17%
64,5M. Subów5-Minute Crafts
14%
65.4M. SubówSET India
10%
54,9M. SubówWWE
9%
39,8M. SubówAriana Grande
8%
43,6M. SubówEd Sheeran
7%
43,1M. SubówMarshmello
6%
40,4M. SubówHolaSoyGerman.
5%
55,7M. SubówCanal KondZilla
4%
73,5M. SubówCocomelon - Nursery Rhymes
4%
46,9M. SubówKids Diana Show
4%
50,5M. SubówZee Music Company
4%
42,5M. SubówBadabun
3%
41,2M. SubówEminemMusic
3%
41,1M. SubówZee TV
3%
38,5M. Subówwhinderssonnunes
2%
48,2M. SubówLike Nastya Vlog
1%

Rozkład punktacji

Percentyl według liczby udzielonych odpowiedzi

Procent ludzi z każdym wynikiem

Twoja historia wyników

Nie rozwiązałeś tego quizu